00403nam a2200157Ia 4500003000900000008004100009020001800050040001600068080001200084100002200096245006000118250001200178260003200190300001100222650001200233IN-BaIIA211028s9999 xx 000 0 eng d a0-03-005932-1 cIIA Library a53bSER aSerway, Raymand A 0aPhysics for scientists and engineerscRaymand A. Serway a4th ed. aU.S.AbJohn Vondelingc1996 a1188p. aPhysics